000 00997nam a2200301 a 4500
001 000025510
003 DO-SdBNP
005 20151026131119.0
007 000025510
008 110217s2000 dr a 000 j spa d
020 _a9993401420
040 _aBPMSU
_bspa
_cBPMSU
092 _aRD863.44
_bS787t
100 1 _aStanley, Avelino,
_d1959-
245 1 4 _aLos tres reyes magos /
_cAvelino Stanley.
260 _aSanto Domingo :
_bCocolo,
_c2000.
300 _a71 p. :
_bil. ;
_c27 cm.
500 _aIncluye datos biográficos del autor en la solapa de la cubierta
650 4 _aCUENTOS INFANTILES DOMINICANOS
650 4 _aLITERATURA INFANTIL DOMINICANA
910 _aValidado. Control de calidad BNPHU
930 1 _lBND01
_mLF1
_hRD863.44
_820110217
_f01
_pHD
_g16487
942 _2ddc
_cBK
956 _aIGARCIA
_b10
_c20110217
_lBND01
_h1211
956 _aNMORDAN
_b10
_c20110217
_lBND01
_h1446
956 _aMMOLINA
_b40
_c20110826
_lBND01
_h1352
956 _aVMATEO
_b10
_c20150428
_lBMET02
_h00151
999 _c7746
_d7746